<?xml version="1.0" encoding="UTF-8"?>
<record
    xmlns:xsi="http://www.w3.org/2001/XMLSchema-instance"
    xsi:schemaLocation="http://www.loc.gov/MARC21/slim http://www.loc.gov/standards/marcxml/schema/MARC21slim.xsd"
    xmlns="http://www.loc.gov/MARC21/slim">

  <leader>00532nam a22001817a 4500</leader>
  <controlfield tag="008">110804t        xxu||||| |||| 00| 0 eng d</controlfield>
  <datafield tag="020" ind1=" " ind2=" ">
    <subfield code="a">978-2-10-050715-3</subfield>
  </datafield>
  <datafield tag="040" ind1=" " ind2=" ">
    <subfield code="a">BUAC</subfield>
    <subfield code="c">CDIRSP</subfield>
  </datafield>
  <datafield tag="041" ind1=" " ind2=" ">
    <subfield code="a">Fr</subfield>
  </datafield>
  <datafield tag="100" ind1=" " ind2=" ">
    <subfield code="a">Radon, Bernard</subfield>
    <subfield code="9">17985</subfield>
  </datafield>
  <datafield tag="245" ind1=" " ind2=" ">
    <subfield code="a">Guide du leadership </subfield>
    <subfield code="b"> : progresser vers la fonction de dirigeant</subfield>
    <subfield code="c"> / Bernard, Radon</subfield>
  </datafield>
  <datafield tag="300" ind1=" " ind2=" ">
    <subfield code="a">246 p.</subfield>
  </datafield>
  <datafield tag="440" ind1=" " ind2=" ">
    <subfield code="a">( STRATEGIES ET MANAGEMENT)</subfield>
    <subfield code="9">17986</subfield>
  </datafield>
  <datafield tag="600" ind1=" " ind2=" ">
    <subfield code="a">Garelli, St&#xE9;phane </subfield>
    <subfield code="c">Pr&#xE9;f.</subfield>
    <subfield code="9">17987</subfield>
  </datafield>
  <datafield tag="653" ind1=" " ind2=" ">
    <subfield code="a">Leadership,</subfield>
  </datafield>
  <datafield tag="653" ind1=" " ind2=" ">
    <subfield code="a">Dirigeant</subfield>
  </datafield>
  <datafield tag="942" ind1=" " ind2=" ">
    <subfield code="c">LIVR</subfield>
  </datafield>
  <datafield tag="999" ind1=" " ind2=" ">
    <subfield code="c">49560</subfield>
    <subfield code="d">49560</subfield>
  </datafield>
  <datafield tag="952" ind1=" " ind2=" ">
    <subfield code="0">0</subfield>
    <subfield code="1">0</subfield>
    <subfield code="4">0</subfield>
    <subfield code="7">0</subfield>
    <subfield code="a">CDIRSP</subfield>
    <subfield code="b">CDIRSP</subfield>
    <subfield code="d">2011-08-04</subfield>
    <subfield code="e">Achat</subfield>
    <subfield code="l">0</subfield>
    <subfield code="o">H F 5546-5548.6 RAD</subfield>
    <subfield code="p">4512CDIRSP</subfield>
    <subfield code="r">2011-08-04 00:00:00</subfield>
    <subfield code="t">1</subfield>
    <subfield code="w">2011-08-04</subfield>
    <subfield code="y">LIVR</subfield>
  </datafield>
  <datafield tag="952" ind1=" " ind2=" ">
    <subfield code="0">0</subfield>
    <subfield code="1">0</subfield>
    <subfield code="4">0</subfield>
    <subfield code="7">0</subfield>
    <subfield code="a">CDIRSP</subfield>
    <subfield code="b">CDIRSP</subfield>
    <subfield code="d">2011-08-04</subfield>
    <subfield code="e">Achat</subfield>
    <subfield code="l">0</subfield>
    <subfield code="o">H F 5546-5548.6 RAD</subfield>
    <subfield code="p">4513CDIRSP</subfield>
    <subfield code="r">2011-08-04 00:00:00</subfield>
    <subfield code="t">1</subfield>
    <subfield code="w">2011-08-04</subfield>
    <subfield code="y">LIVR</subfield>
  </datafield>
  <datafield tag="952" ind1=" " ind2=" ">
    <subfield code="0">0</subfield>
    <subfield code="1">0</subfield>
    <subfield code="4">0</subfield>
    <subfield code="7">0</subfield>
    <subfield code="a">CDIRSP</subfield>
    <subfield code="b">CDIRSP</subfield>
    <subfield code="d">2011-08-04</subfield>
    <subfield code="e">Achat</subfield>
    <subfield code="l">0</subfield>
    <subfield code="o">H F 5546-5548.6 RAD</subfield>
    <subfield code="p">45I4CDIRSP</subfield>
    <subfield code="r">2011-08-04 00:00:00</subfield>
    <subfield code="t">1</subfield>
    <subfield code="w">2011-08-04</subfield>
    <subfield code="y">LIV</subfield>
  </datafield>
</record>
